[Event "Botvinnik Memorial Senior"]
[Site "Suzdal"]
[Date "2011.08.16"]
[Round "4"]
[White "Kortschnoj, Viktor Lvovich"]
[Black "Nikitin, Aleksander S"]
[Result "1/2-1/2"]
[WhiteElo "2553"]
[BlackElo "2430"]
[PlyCount "137"]
[EventDate "2011.08.15"]
[EventType "tourn"]
[EventRounds "9"]
[EventCountry "RUS"]
[EventCategory "8"]
[SourceTitle "CBM 143 Extra"]
[Source "ChessBase"]
[SourceDate "2011.08.29"]
[SourceVersion "1"]
[SourceVersionDate "2011.08.29"]
[SourceQuality "1"]

1. d4 d5 2. c4 e6 3. Nc3 c5 4. cxd5 exd5 5. Nf3 Nc6 6. Bf4 Nf6 7. e3 Bg4 8. Be2 Bd6 9. Bxd6 Qxd6 10. Nb5 Qe7 11. dxc5 0-0 12. Rc1 Rfd8 13. 0-0 Ne4 14. Nbd4 Nxc5 15. Nxc6 bxc6 16. Qc2 Ne4 17. Nd4 Bd7 18. Nxc6 Bxc6 19. Qxc6 Rab8 20. b3 Rb6 21. Qc7 Rd7 22. Qc2 g6 23. Bg4 f5 24. Bf3 Ng5 25. Qc8+ Qd8 26. Be2 Qxc8 27. Rxc8+ Kg7 28. Rd1 Rb4 29. g3 Ne4 30. f3 Nf6 31. Kf2 g5 32. Rd4 Rxd4 33. exd4 f4 34. gxf4 gxf4 35. b4 Ng8 36. Bd3 Ne7 37. Rc5 h6 38. a4 Kf6 39. b5 Ke6 40. Kg2 Kd6 41. Kh3 Rd8 42. Kg4 Rg8+ 43. Kxf4 Rg2 44. Rc2 Rg1 45. Ra2 Rd1 46. Ke3 Re1+ 47. Kd2 Rh1 48. Kc3 Rc1+ 49. Kb4 Rd1 50. Ra3 Rd2 51. a5 Rxh2 52. b6 axb6 53. a6 Nc6+ 54. Kc3 Na7 55. Ra1 b5 56. Rg1 Ra2 57. Rg6+ Kc7 58. Rxh6 Ra3+ 59. Kd2 Nc6 60. Bxb5 Nxd4 61. Rh7+ Kb6 62. Rb7+ Kc5 63. Bf1 Rxf3 64. Bd3 Rf2+ 65. Ke3 Rf3+ 66. Kd2 Rf2+ 67. Kc3 Ra2 68. Rc7+ Nc6 69. Kb3 1/2-1/2

[Event "Botvinnik Memorial-A"]
[Site "Elista"]
[Date "2002.08.19"]
[Round "3"]
[White "Zhukhovitsky, Samuel"]
[Black "Nikitin, Aleksander S"]
[Result "0-1"]
[WhiteElo "2346"]
[BlackElo "2430"]
[PlyCount "84"]
[EventDate "2002.08.17"]
[EventType "tourn"]
[EventRounds "9"]
[EventCountry "RUS"]
[EventCategory "8"]
[SourceTitle "CBM 089 Extra"]
[Source "ChessBase"]
[SourceDate "2002.09.10"]
[SourceVersion "2"]
[SourceVersionDate "2002.09.10"]
[SourceQuality "1"]

1. d4 Nf6 2. c4 e6 3. Nf3 b6 4. e3 Bb7 5. Bd3 c5 6. Nc3 Be7 7. 0-0 0-0 8. Qe2 d5 9. cxd5 exd5 10. Rd1 Nc6 11. dxc5 bxc5 12. Ba6 Bxa6 13. Qxa6 Qd7 14. b3 Nb4 15. Qe2 Rfd8 16. Bb2 Qe6 17. Ne1 Rac8 18. Rac1 Bd6 19. a3 Na6 20. g3 Bb8 21. Ba1 Re8 22. Qf1 Rc6 23. Rb1 Rd8 24. Rd2 Be5 25. Rdd1 Bxc3 26. Bxc3 Ne4 27. Ba5 Rb8 28. Nd3 g5 29. Qe2 Qh3 30. f3 Nf6 31. Bc3 Re8 32. Nf2 Qf5 33. g4 Qg6 34. Qd2 Nc7 35. Nd3 Nd7 36. a4 f5 37. h3 Rce6 38. Re1 fxg4 39. hxg4 h5 40. Nf2 Rf8 41. Ba5 Ne5 42. Kf1 Nxf3 0-1

[Event "Botvinnik Memorial-A"]
[Site "Elista"]
[Date "2002.08.18"]
[Round "2"]
[White "Nikitin, Aleksander S"]
[Black "Klovans, Janis"]
[Result "1/2-1/2"]
[WhiteElo "2430"]
[BlackElo "2425"]
[PlyCount "49"]
[EventDate "2002.08.17"]
[EventType "tourn"]
[EventRounds "9"]
[EventCountry "RUS"]
[EventCategory "8"]
[SourceTitle "CBM 089 Extra"]
[Source "ChessBase"]
[SourceDate "2002.09.10"]
[SourceVersion "2"]
[SourceVersionDate "2002.09.10"]
[SourceQuality "1"]

1. e4 e5 2. Nf3 Nc6 3. Bb5 a6 4. Ba4 d6 5. 0-0 Nf6 6. Re1 Bd7 7. c3 g6 8. d4 Bg7 9. d5 Nb8 10. c4 Bxa4 11. Qxa4+ Nbd7 12. Nc3 0-0 13. Qd1 h6 14. b4 a5 15. bxa5 Rxa5 16. a4 Nc5 17. Ba3 Nfd7 18. Nd2 f5 19. Nb3 Nxb3 20. Qxb3 b6 21. Bb4 Ra8 22. f3 h5 23. Re2 Bh6 24. Nb5 Rf7 25. Qc2 1/2-1/2

[Event "Krakow op-B"]
[Site "Krakow"]
[Date "2000.12.28"]
[Round "2"]
[White "Madej, Jaroslaw"]
[Black "Nikitin, Aleksander S"]
[Result "0-1"]
[WhiteElo "2062"]
[BlackElo "2000"]
[PlyCount "42"]
[EventDate "2000.12.??"]
[EventType "swiss"]
[EventRounds "9"]
[EventCountry "POL"]
[SourceTitle "EXT 2005"]
[Source "ChessBase"]
[SourceDate "2004.11.15"]
[SourceVersion "1"]
[SourceVersionDate "2004.11.15"]
[SourceQuality "1"]

1. e4 Nf6 2. e5 Nd5 3. d4 d6 4. c4 Nb6 5. exd6 cxd6 6. Nc3 g6 7. Be3 Bg7 8. Rc1 0-0 9. b3 f5 10. d5 e5 11. dxe6 Bxe6 12. Nf3 Nc6 13. Ng5 Bxc3+ 14. Rxc3 Qf6 15. Rd3 f4 16. Bxb6 Qxg5 17. Bc7 Rae8 18. h4 Bf5+ 19. Kd2 Qf6 20. Qc2 Qa1 21. Bxd6 Qe1# 0-1

[Event "Ozery op1 Seniors"]
[Site "Ozery"]
[Date "1997.??.??"]
[Round "7"]
[White "Agrinsky, Vladimir Petrovich"]
[Black "Nikitin, Aleksander S"]
[Result "1/2-1/2"]
[WhiteElo "2215"]
[BlackElo "2430"]
[PlyCount "43"]
[EventDate "1997.??.??"]
[EventType "swiss"]
[EventRounds "11"]
[EventCountry "RUS"]
[SourceTitle "EXT 2000"]
[Source "ChessBase"]
[SourceDate "1999.11.16"]
[SourceVersion "1"]
[SourceVersionDate "1999.11.16"]
[SourceQuality "1"]

1. e4 c5 2. Nf3 d6 3. Bb5+ Bd7 4. Bxd7+ Qxd7 5. 0-0 Nc6 6. c4 Nf6 7. Nc3 g6 8. d4 cxd4 9. Nxd4 Bg7 10. Nc2 0-0 11. f3 Na5 12. b3 a6 13. Qd3 Rab8 14. b4 Nc6 15. f4 b5 16. cxb5 axb5 17. Rb1 Qb7 18. h3 Rfc8 19. Rb3 Ne8 20. Be3 Nc7 21. Nd5 Nxd5 22. exd5 1/2-1/2

[Event "Ozery op1 Seniors"]
[Site "Ozery"]
[Date "1997.??.??"]
[Round "3"]
[White "Arkhangelsky, Boris Nikolaevich"]
[Black "Nikitin, Aleksander S"]
[Result "1-0"]
[WhiteElo "2425"]
[BlackElo "2430"]
[PlyCount "86"]
[EventDate "1997.??.??"]
[EventType "swiss"]
[EventRounds "11"]
[EventCountry "RUS"]
[SourceTitle "EXT 2000"]
[Source "ChessBase"]
[SourceDate "1999.11.16"]
[SourceVersion "1"]
[SourceVersionDate "1999.11.16"]
[SourceQuality "1"]

1. d4 Nf6 2. c4 g6 3. Nc3 d5 4. Nf3 Bg7 5. Bg5 c6 6. e3 0-0 7. Qb3 dxc4 8. Bxc4 b5 9. Be2 h6 10. Bf4 Be6 11. Qc2 b4 12. Na4 Bf5 13. Qb3 Qa5 14. 0-0 Be6 15. Qc2 Bf5 16. Qd1 Nbd7 17. Ne5 Rac8 18. Rc1 c5 19. dxc5 Nxc5 20. Nxc5 Rxc5 21. Nc6 Rxc1 22. Qxc1 Qxa2 23. Nxe7+ Kh8 24. Nxf5 gxf5 25. Bd6 Rd8 26. Bxb4 Ne4 27. Ba3 Qe6 28. Qc7 Rc8 29. Qxa7 Be5 30. g3 Kg7 31. Qa6 Rc6 32. Qa4 Rb6 33. Qc2 Qb3 34. Qxb3 Rxb3 35. Bc4 Rb8 36. Bd3 Bxb2 37. Rb1 Be5 38. Rxb8 Bxb8 39. f3 Ng5 40. Bb2+ Kg6 41. Kh1 h5 42. Kg2 Ne6 43. Bc3 Bd6 1-0

[Event "Moscow op"]
[Site "Moscow"]
[Date "1995.??.??"]
[Round "5"]
[White "Guliev, Sarhan"]
[Black "Nikitin, Aleksander S"]
[Result "1-0"]
[WhiteElo "2470"]
[BlackElo "2245"]
[PlyCount "79"]
[EventDate "1995.??.??"]
[EventType "swiss"]
[EventRounds "9"]
[EventCountry "RUS"]
[SourceTitle "EXT 2000"]
[Source "ChessBase"]
[SourceDate "1999.11.16"]
[SourceVersion "1"]
[SourceVersionDate "1999.11.16"]
[SourceQuality "1"]

1. d4 Nf6 2. c4 g6 3. Nf3 Bg7 4. g3 0-0 5. Bg2 d5 6. 0-0 dxc4 7. Na3 c3 8. bxc3 c5 9. Nc4 Be6 10. Nce5 cxd4 11. cxd4 Bd5 12. Ba3 Nc6 13. Qa4 Nd7 14. Rfd1 Nb6 15. Qb5 Re8 16. Qd3 Nxe5 17. dxe5 Qb8 18. Rac1 Bxa2 19. Qe4 Be6 20. Qh4 h6 21. Bh3 Bd5 22. e4 g5 23. Qg4 Bb3 24. Rd3 Be6 25. Qh5 Bxh3 26. Qxh3 Rd8 27. Rdc3 Bxe5 28. Qxh6 Bxc3 29. Rxc3 Rd1+ 30. Kg2 Qf8 31. Qxg5+ Qg7 32. Qa5 Rc8 33. Bc5 Qg6 34. Qb4 Nd7 35. Nh4 Qc6 36. Nf5 a5 37. Nxe7+ Kh7 38. Qc4 Ne5 39. Qe2 Qd7 40. Qh5+ 1-0

[Event "RUS-chT2"]
[Site "Bryansk"]
[Date "1995.??.??"]
[Round "6"]
[White "Nikitin, Aleksander S"]
[Black "Landa, Konstantin"]
[Result "1/2-1/2"]
[WhiteElo "2440"]
[BlackElo "2500"]
[PlyCount "45"]
[EventDate "1995.??.??"]
[EventType "team"]
[EventRounds "9"]
[EventCountry "RUS"]
[SourceTitle "EXT 1998"]
[Source "ChessBase"]
[SourceDate "1997.11.17"]
[SourceVersion "1"]
[SourceVersionDate "1997.11.17"]
[SourceQuality "1"]

1. e4 c5 2. c3 d6 3. d4 Nf6 4. Bd3 e5 5. dxe5 dxe5 6. Nf3 Qc7 7. 0-0 Be7 8. Bg5 0-0 9. Bxf6 Bxf6 10. Nbd2 a6 11. a4 Nc6 12. Nc4 Be6 13. Ne3 Rad8 14. Qe2 Na5 15. Bc4 Nxc4 16. Nxc4 Rd7 17. Rfd1 Rfd8 18. Rxd7 Rxd7 19. a5 Bxc4 20. Qxc4 h5 21. h4 g6 22. g3 Qd6 23. Kg2 1/2-1/2

[Event "RUS-chT2"]
[Site "Bryansk"]
[Date "1995.??.??"]
[Round "3"]
[White "Nikitin, Aleksander S"]
[Black "Lukovnikov, Alexander"]
[Result "1-0"]
[WhiteElo "2440"]
[BlackElo "2305"]
[PlyCount "62"]
[EventDate "1995.??.??"]
[EventType "team"]
[EventRounds "9"]
[EventCountry "RUS"]
[SourceTitle "EXT 1998"]
[Source "ChessBase"]
[SourceDate "1997.11.17"]
[SourceVersion "1"]
[SourceVersionDate "1997.11.17"]
[SourceQuality "1"]

1. e4 g6 2. d4 Bg7 3. Nf3 d6 4. Nc3 Nf6 5. Bc4 0-0 6. Qe2 Bg4 7. e5 Ne8 8. Bf4 c5 9. dxc5 dxe5 10. Bxe5 Bxf3 11. gxf3 Bxe5 12. Qxe5 Nc6 13. Qe3 e6 14. Bd3 Nf6 15. 0-0-0 Qa5 16. h4 Rfd8 17. h5 Kf8 18. hxg6 hxg6 19. Qg5 Ng8 20. Rh8 Qc7 21. f4 Rd4 22. Ne4 Rd5 23. Qh6+ Ke7 24. Qh4+ Kd7 25. Rxg8 Rxg8 26. Nf6+ Kc8 27. Nxg8 Rd4 28. Bb5 Qxf4+ 29. Qxf4 Rxf4 30. Bxc6 bxc6 31. c3 a5 1-0

[Event "Moscow op"]
[Site "Moscow"]
[Date "1995.??.??"]
[Round "7"]
[White "Nikitin, Aleksander S"]
[Black "Mirumian, Vigen"]
[Result "1-0"]
[WhiteElo "2245"]
[BlackElo "2305"]
[PlyCount "57"]
[EventDate "1995.??.??"]
[EventType "swiss"]
[EventRounds "9"]
[EventCountry "RUS"]
[SourceTitle "EXT 2000"]
[Source "ChessBase"]
[SourceDate "1999.11.16"]
[SourceVersion "1"]
[SourceVersionDate "1999.11.16"]
[SourceQuality "1"]

1. e4 c5 2. Nf3 e6 3. d4 cxd4 4. Nxd4 Nf6 5. Nc3 d6 6. Be3 a6 7. f3 b5 8. Qd2 Nbd7 9. g4 Nb6 10. Qf2 Nfd7 11. 0-0-0 Bb7 12. Kb1 Rc8 13. Bd3 Nc4 14. Bc1 Qb6 15. Rhf1 Be7 16. g5 0-0 17. h4 g6 18. h5 e5 19. Qh2 Qxd4 20. Rh1 Rfd8 21. hxg6 Nf8 22. g7 Kxg7 23. Ne2 Qb6 24. Qh6+ Kg8 25. Bxc4 Qc6 26. g6 d5 27. Bxd5 Rxd5 28. gxh7+ Kh8 29. Qg7+ 1-0

[Event "RUS-chT2"]
[Site "Bryansk"]
[Date "1995.??.??"]
[Round "2"]
[White "Nikitin, Aleksander S"]
[Black "Shariyazdanov, Andrey"]
[Result "1/2-1/2"]
[WhiteElo "2440"]
[BlackElo "2460"]
[PlyCount "71"]
[EventDate "1995.??.??"]
[EventType "team"]
[EventRounds "9"]
[EventCountry "RUS"]
[SourceTitle "EXT 1998"]
[Source "ChessBase"]
[SourceDate "1997.11.17"]
[SourceVersion "1"]
[SourceVersionDate "1997.11.17"]
[SourceQuality "1"]

1. e4 c5 2. Nf3 Nc6 3. Bb5 e6 4. 0-0 Nge7 5. Re1 a6 6. Bxc6 Nxc6 7. d4 cxd4 8. Nxd4 d6 9. Nxc6 bxc6 10. c4 Be7 11. Nc3 0-0 12. Be3 c5 13. Qd2 Bb7 14. Rad1 Qc7 15. Bg5 Rfd8 16. Bxe7 Qxe7 17. Re3 Rd7 18. Rd3 Rad8 19. a3 h6 20. Qf4 Bc6 21. h3 Qg5 22. Qxg5 hxg5 23. b4 Kf8 24. b5 Bb7 25. a4 axb5 26. cxb5 d5 27. exd5 exd5 28. a5 d4 29. Ne2 Be4 30. R3d2 Rb8 31. f3 Bd5 32. Nxd4 cxd4 33. Rxd4 Rxb5 34. a6 Ra5 35. a7 Raxa7 36. Rxd5 1/2-1/2

[Event "RUS-chT2"]
[Site "Bryansk"]
[Date "1995.??.??"]
[Round "3"]
[White "Pugachov, Alexey"]
[Black "Nikitin, Aleksander S"]
[Result "1/2-1/2"]
[WhiteElo "2475"]
[BlackElo "2440"]
[PlyCount "66"]
[EventDate "1995.??.??"]
[EventType "team"]
[EventRounds "9"]
[EventCountry "RUS"]
[SourceTitle "EXT 1998"]
[Source "ChessBase"]
[SourceDate "1997.11.17"]
[SourceVersion "1"]
[SourceVersionDate "1997.11.17"]
[SourceQuality "1"]

1. e4 e6 2. d4 d5 3. Nc3 Bb4 4. e5 c5 5. a3 Bxc3+ 6. bxc3 Nc6 7. Nf3 Qa5 8. Qd2 c4 9. a4 f6 10. Be2 fxe5 11. Nxe5 Nf6 12. Nxc6 bxc6 13. f3 c5 14. 0-0 Kf7 15. Re1 Bd7 16. Bf1 cxd4 17. cxd4 Qxd2 18. Bxd2 Rhb8 19. Bc3 Ne8 20. Kf2 Nd6 21. g3 Rb6 22. Ke2 Ra6 23. a5 Nb5 24. Kd2 Nxc3 25. Kxc3 Rb8 26. Ra2 Rb5 27. Rea1 g5 28. Bh3 Kf6 29. Bg4 Be8 30. Kd2 Bg6 31. Kc3 h5 32. Bh3 Bf5 33. Bg2 Bg6 1/2-1/2

[Event "Voskresensk2"]
[Site "Voskresensk"]
[Date "1993.??.??"]
[Round "?"]
[White "Nikitin, Aleksander S"]
[Black "Fedorov, Alexei"]
[Result "1-0"]
[WhiteElo "2430"]
[BlackElo "2490"]
[PlyCount "53"]
[EventDate "1993.??.??"]
[EventType "tourn"]
[EventRounds "11"]
[EventCountry "RUS"]
[EventCategory "6"]
[SourceTitle "CBM 038"]
[Source "ChessBase"]
[SourceDate "1994.02.01"]
[SourceVersion "1"]
[SourceVersionDate "1994.02.01"]
[SourceQuality "1"]

1. d4 Nf6 2. c4 g6 3. Nc3 Bg7 4. e4 0-0 5. Bg5 d6 6. Qd2 a6 7. f4 b5 8. cxb5 Bb7 9. Bxf6 Bxf6 10. Nf3 axb5 11. Bxb5 c6 12. Bc4 Qb6 13. e5 Bg7 14. 0-0 c5 15. d5 Ba6 16. Bxa6 Nxa6 17. Kh1 Rfb8 18. Rab1 Nc7 19. a4 Qa6 20. Rfe1 Rb3 21. f5 dxe5 22. fxg6 hxg6 23. Nxe5 Rab8 24. Qf4 Qf6 25. Qg3 Rxb2 26. Nd7 Qf5 27. Nxb8 1-0

[Event "Dortmund op-A"]
[Site "Dortmund"]
[Date "1993.??.??"]
[Round "7"]
[White "Nikitin, Aleksander S"]
[Black "Hausrath, Daniel"]
[Result "1-0"]
[WhiteElo "2420"]
[BlackElo "2260"]
[PlyCount "77"]
[EventDate "1993.04.??"]
[EventType "swiss"]
[EventRounds "11"]
[EventCountry "GER"]
[SourceTitle "TD"]
[Source "ChessBase"]
[SourceDate "1994.03.01"]
[SourceVersion "1"]
[SourceVersionDate "1994.03.01"]
[SourceQuality "1"]

1. d4 Nf6 2. c4 g6 3. Nc3 Bg7 4. e4 d6 5. Bg5 0-0 6. Qd2 c5 7. d5 e6 8. Bd3 exd5 9. cxd5 a6 10. a4 Qa5 11. Ra3 Re8 12. Nge2 Nbd7 13. Ng3 Ne5 14. Be2 h5 15. f4 Ned7 16. 0-0 Nh7 17. Bh4 Bh6 18. Qc2 Rb8 19. Kh1 Qc7 20. Bxh5 gxh5 21. Nxh5 Ndf8 22. f5 f6 23. Ne2 Qf7 24. Rg3+ Kh8 25. Nef4 Bg5 26. e5 Bxh4 27. e6 Qe7 28. Rh3 Bg5 29. Ng6+ Nxg6 30. fxg6 Bxe6 31. dxe6 Qxe6 32. Ng3 Qxh3 33. gxh3 Nf8 34. h4 Bxh4 35. g7+ Kxg7 36. Nf5+ Kf7 37. Nxd6+ Ke7 38. Nxe8 Rxe8 39. Qe4+ 1-0

[Event "Dortmund op-A"]
[Site "Dortmund"]
[Date "1993.??.??"]
[Round "3"]
[White "Nikitin, Aleksander S"]
[Black "Lau, Ralf"]
[Result "1/2-1/2"]
[WhiteElo "2420"]
[BlackElo "2530"]
[PlyCount "101"]
[EventDate "1993.04.??"]
[EventType "swiss"]
[EventRounds "11"]
[EventCountry "GER"]
[SourceTitle "TD"]
[Source "ChessBase"]
[SourceDate "1994.03.01"]
[SourceVersion "1"]
[SourceVersionDate "1994.03.01"]
[SourceQuality "1"]

1. d4 d5 2. c4 e6 3. Nc3 Bb4 4. cxd5 exd5 5. Nf3 c6 6. Qc2 Ne7 7. Bg5 Bf5 8. Qxf5 Nxf5 9. Bxd8 Kxd8 10. e3 Be7 11. Bd3 Nd6 12. 0-0-0 Nd7 13. Rhe1 Kc7 14. Ne5 Rae8 15. Kc2 Bd8 16. f4 Nb6 17. b3 Re7 18. Re2 Kb8 19. Rde1 Bc7 20. a3 a6 21. Kb2 Ka8 22. g3 Nb5 23. Nxb5 axb5 24. Nf3 h6 25. e4 dxe4 26. Rxe4 Rxe4 27. Rxe4 Bd6 28. Ne5 Rf8 29. Re2 Kb8 30. Be4 Kc7 31. Rc2 Kd8 32. Bf3 f6 33. Nd3 Re8 34. Nc5 Re7 35. Bg2 Bxc5 36. dxc5 Nd7 37. b4 f5 38. Rd2 Kc7 39. Bh3 g6 40. Rd6 Re2+ 41. Kc3 Rxh2 42. Bf1 g5 43. Bd3 gxf4 44. Bxf5 Nb6 45. gxf4 Nd5+ 46. Kb3 Nxf4 47. Rd7+ Kb8 48. Rd8+ Ka7 49. Bc8 Kb8 50. Bh3+ Ka7 51. Bc8 1/2-1/2

[Event "Dortmund op-A"]
[Site "Dortmund"]
[Date "1993.??.??"]
[Round "9"]
[White "Nikitin, Aleksander S"]
[Black "Petrosian, Arshak B"]
[Result "1/2-1/2"]
[WhiteElo "2420"]
[BlackElo "2490"]
[PlyCount "81"]
[EventDate "1993.04.??"]
[EventType "swiss"]
[EventRounds "11"]
[EventCountry "GER"]
[SourceTitle "TD"]
[Source "ChessBase"]
[SourceDate "1994.03.01"]
[SourceVersion "1"]
[SourceVersionDate "1994.03.01"]
[SourceQuality "1"]

1. e4 c5 2. Nf3 d6 3. d4 cxd4 4. Nxd4 Nf6 5. Nc3 a6 6. Bg5 e6 7. f4 Qb6 8. Nb3 Be7 9. Qf3 Nbd7 10. 0-0-0 Qc7 11. g4 h6 12. Bh4 g5 13. fxg5 Ne5 14. Qg3 Nfxg4 15. gxh6 Bxh4 16. Qxh4 Rxh6 17. Qg3 Bd7 18. Be2 Rg6 19. h4 0-0-0 20. h5 Rgg8 21. Rh4 Nf6 22. Qf4 Nh7 23. Qf2 Kb8 24. Rh3 Bc6 25. Rg3 Qe7 26. Rxg8 Rxg8 27. Na5 Qc7 28. Nc4 Nxc4 29. Bxc4 Rg5 30. Be2 Qe7 31. Qd4 Kc7 32. Rf1 Re5 33. a4 Nf6 34. Qf2 Nxh5 35. Qxf7 Qxf7 36. Rxf7+ Kb6 37. Bd3 Ng3 38. Rf4 Rh5 39. Rg4 Rh1+ 40. Kd2 Nh5 41. Rg5 1/2-1/2